00699cam a22002053a 450000100060000000300060000600500170001200800410002904000150007004200070008505000070009210000400009924501610013926000290030050600300032951600200035965300430037983000290042285600420045112186PGUSA20140828083246.0040401s2004||||xxu|||||s|||||000 | eng d aPGUSAbeng adc 4aHS1 aMackey, Albert Gallatin,d1807-188114aThe Principles of Masonic Law :bA Treatise on the Constitutional Laws, Usages and Landmarks of Freemasonryh[electronic resource] /cAlbert Gallatin Mackey bProject Gutenberg,c2004 aPublic domain in the USA. aElectronic text aFreemasons -- Legal status, laws, etc. 0aProject Gutenbergv1218640uhttp://www.gutenberg.org/ebooks/12186